000
00257nam a2200097Ia 4500
001
1300095
005
20260420095857.0
008
260420s9999 xx 000 0 und d
245
0
_a
TUZ YÜKLÜ EŞEK
_c
NEFİSE ATÇAKARLAR
260
_b
TİMAŞ ÇOCUK YAYINLARI
999
_c
1300095
_d
1300095